[Event "HUN-chT2 Breyer 0607"]
[Site "Hungary"]
[Date "2007.05.20"]
[Round "11"]
[White "Fenyes, Gabor"]
[Black "Koczo, Kristof"]
[Result "1/2-1/2"]
[WhiteElo "2022"]
[BlackElo "2221"]
[PlyCount "91"]
[EventDate "2006.11.12"]
[EventType "team"]
[EventRounds "11"]
[EventCountry "HUN"]
[SourceTitle "EXT 2008"]
[Source "ChessBase"]
[SourceDate "2007.11.25"]
[SourceVersion "1"]
[SourceVersionDate "2007.11.25"]
[SourceQuality "1"]
[WhiteTeam "Szentendre"]
[BlackTeam "Honved II"]
[WhiteTeamCountry "HUN"]
[BlackTeamCountry "HUN"]

1. e4 c6 2. d4 d5 3. f3 g6 4. Nc3 Bg7 5. Be3 Qb6 6. Na4 Qa5+ 7. c3 Nd7 8. b4 Qc7 9. e5 b5 10. Nb2 a5 11. Nd3 a4 12. Be2 f6 13. f4 Nh6 14. Nf3 0-0 15. 0-0 Nb6 16. Nc5 Bf5 17. Bd3 Qc8 18. Nh4 Bxd3 19. Qxd3 fxe5 20. fxe5 Qg4 21. Nf3 Nd7 22. Nxd7 Qxd7 23. Rae1 e6 24. h3 Nf5 25. Bf2 Bh6 26. Nh2 Rf7 27. g4 Ne7 28. Be3 Rxf1+ 29. Rxf1 Bg7 30. g5 Nf5 31. Ng4 Kf7 32. Nf6 Bxf6 33. gxf6 Rg8 34. Rf2 g5 35. Rg2 h6 36. Qe2 Rg6 37. Bf2 Qe8 38. h4 gxh4 39. Rxg6 Kxg6 40. Qg4+ Kh7 41. Bxh4 Qg6 42. Qxg6+ Kxg6 43. Bf2 h5 44. Kg2 Nh6 45. Kf3 Nf7 46. Be3 1/2-1/2

[Event "HUN-chT2 Charousek 0506"]
[Site "Hungary"]
[Date "2006.02.26"]
[Round "8"]
[White "Balazs, Gabor"]
[Black "Fenyes, Gabor"]
[Result "0-1"]
[WhiteElo "2174"]
[BlackElo "2024"]
[PlyCount "72"]
[EventDate "2005.10.16"]
[EventType "team"]
[EventRounds "11"]
[EventCountry "HUN"]
[SourceTitle "EXT 2009"]
[Source "ChessBase"]
[SourceDate "2008.11.26"]
[SourceVersion "1"]
[SourceVersionDate "2008.11.26"]
[SourceQuality "1"]
[WhiteTeam "Paks II"]
[BlackTeam "Szentendre"]
[WhiteTeamCountry "HUN"]
[BlackTeamCountry "HUN"]

1. d4 Nf6 2. c4 e6 3. Nc3 Bb4 4. Qc2 d5 5. cxd5 exd5 6. Bg5 c5 7. Nf3 h6 8. Bh4 g5 9. Bg3 Ne4 10. 0-0-0 Bxc3 11. bxc3 Qa5 12. dxc5 Bf5 13. Be5 0-0 14. e3 Qa3+ 15. Qb2 Qxb2+ 16. Kxb2 Nxf2 17. Bb5 Nc6 18. Bd6 Nxd1+ 19. Rxd1 Rfe8 20. Rxd5 Be4 21. Bxc6 bxc6 22. Re5 Rxe5 23. Bxe5 Re8 24. Bd4 Rb8+ 25. Ka3 f5 26. c4 g4 27. Ne5 Bxg2 28. Ka4 Kh7 29. Ka5 h5 30. Ka6 h4 31. Kxa7 Rb1 32. Nd3 g3 33. hxg3 h3 34. g4 fxg4 35. Be5 Bf3 36. a4 Rb3 0-1

[Event "HUN-chT2 Charousek 0405"]
[Site "Hungary"]
[Date "2005.04.10"]
[Round "10"]
[White "Fenyes, Gabor"]
[Black "Toth, Jozsef"]
[Result "0-1"]
[WhiteElo "2110"]
[BlackElo "2066"]
[PlyCount "36"]
[EventDate "2004.09.26"]
[EventType "team"]
[EventRounds "11"]
[EventCountry "HUN"]
[SourceTitle "EXT 2008"]
[Source "ChessBase"]
[SourceDate "2007.11.25"]
[SourceVersion "1"]
[SourceVersionDate "2007.11.25"]
[SourceQuality "1"]
[WhiteTeam "Szentendre"]
[BlackTeam "Gyor Elektromos"]
[WhiteTeamCountry "HUN"]
[BlackTeamCountry "HUN"]

1. e4 c5 2. Nf3 Nc6 3. b3 e5 4. Bc4 Be7 5. Nc3 Nf6 6. 0-0 0-0 7. Bb2 d6 8. h3 Rb8 9. Nh2 Nd4 10. f4 Nxe4 11. Nxe4 d5 12. Bd3 dxe4 13. Bxe4 f5 14. Bd3 e4 15. Be2 Bf6 16. Rb1 Nxe2+ 17. Qxe2 Bxb2 18. Rxb2 Qd4+ 0-1

[Event "Budapest FS04 Elo-A"]
[Site "Budapest"]
[Date "2005.04.08"]
[Round "7"]
[White "Fenyes, Gabor"]
[Black "Willim, Michael"]
[Result "1/2-1/2"]
[WhiteElo "2097"]
[BlackElo "2099"]
[PlyCount "119"]
[EventDate "2005.04.02"]
[EventType "tourn"]
[EventRounds "11"]
[EventCountry "HUN"]
[SourceTitle "CBM 105 Extra"]
[Source "ChessBase"]
[SourceDate "2005.05.01"]
[SourceVersion "1"]
[SourceVersionDate "2005.05.01"]
[SourceQuality "1"]

1. e4 e6 2. d4 d5 3. Nc3 h6 4. Bd3 Nc6 5. Nf3 Nb4 6. Bb5+ Bd7 7. Bxd7+ Qxd7 8. 0-0 Nc6 9. exd5 exd5 10. Re1+ Be7 11. Ne5 Nxe5 12. Rxe5 c6 13. Qe1 0-0-0 14. Na4 Bf6 15. Bf4 b6 16. Re3 Bxd4 17. Rb3 Qe7 18. Qd2 Be5 19. Re1 Bxf4 20. Rxe7 Bxd2 21. Rxa7 Kb8 22. Rxf7 b5 23. Nc5 Re8 24. g3 Ne7 25. a4 Kc7 26. axb5 cxb5 27. Ne6+ Kd6 28. Nxg7 Rhf8 29. Rxf8 Rxf8 30. Rxb5 Rc8 31. c3 Kc6 32. Rb4 Ra8 33. Ne6 Ra2 34. Nd4+ Kd6 35. Rb6+ Kc7 36. Rb5 Bc1 37. b4 Kd6 38. Rb6+ Kd7 39. Kf1 Bd2 40. Nb5 Rc2 41. h4 Bxc3 42. Nxc3 Rxc3 43. Rxh6 Rb3 44. Rb6 Nc6 45. h5 Rb1+ 46. Ke2 Kc7 47. Ra6 Nxb4 48. Ra7+ Kd6 49. h6 Rh1 50. h7 Nc6 51. Rg7 Nd4+ 52. Kd3 Ne6 53. Rf7 Ng5 54. Ra7 Nxh7 55. Ra6+ Ke5 56. f4+ Kf5 57. Rd6 Rd1+ 58. Ke2 Rd4 59. Ke3 Re4+ 60. Kf3 1/2-1/2

[Event "Budapest FS04 Elo-A"]
[Site "Budapest"]
[Date "2005.04.05"]
[Round "4"]
[White "Fenyes, Gabor"]
[Black "Csaszar, Gyula"]
[Result "0-1"]
[WhiteElo "2097"]
[BlackElo "2115"]
[PlyCount "94"]
[EventDate "2005.04.02"]
[EventType "tourn"]
[EventRounds "11"]
[EventCountry "HUN"]
[SourceTitle "CBM 105 Extra"]
[Source "ChessBase"]
[SourceDate "2005.05.01"]
[SourceVersion "1"]
[SourceVersionDate "2005.05.01"]
[SourceQuality "1"]

1. e4 c5 2. Nf3 d6 3. b3 Nc6 4. Bb2 e5 5. Bc4 g6 6. 0-0 Bg7 7. Nc3 Nf6 8. d3 0-0 9. Ne1 Nh5 10. Nd5 a6 11. a4 Rb8 12. Nc3 Nd4 13. Ne2 Nxe2+ 14. Qxe2 Nf4 15. Qf3 Qg5 16. Bc1 Bg4 17. Bxf4 exf4 18. h4 Qxh4 19. Qxf4 Bxa1 20. Nf3 Qh5 21. Rxa1 Bxf3 22. gxf3 Qe5 23. Qc1 Kg7 24. f4 Qh5 25. Qe3 Rbe8 26. Re1 Re7 27. Qd2 Qf3 28. f5 f6 29. Re3 Qf4 30. Be6 g5 31. Qe2 g4 32. Rg3 h5 33. Kg2 Kh6 34. f3 Rg7 35. fxg4 Rxg4 36. Rxg4 hxg4 37. Qf2 Kg5 38. a5 Rh8 39. Qxf4+ Kxf4 40. Bd5 Rh7 41. Bg8 Rh3 42. Bd5 Rg3+ 43. Kf2 Rf3+ 44. Kg2 g3 45. Bxb7 Rf2+ 46. Kg1 Rxc2 47. Bd5 Kg4 0-1

[Event "HUN-chT2 Charousek 0405"]
[Site "Hungary"]
[Date "2005.03.06"]
[Round "9"]
[White "Kele, Janos"]
[Black "Fenyes, Gabor"]
[Result "0-1"]
[WhiteElo "2172"]
[BlackElo "2110"]
[PlyCount "86"]
[EventDate "2004.09.26"]
[EventType "team"]
[EventRounds "11"]
[EventCountry "HUN"]
[SourceTitle "EXT 2008"]
[Source "ChessBase"]
[SourceDate "2007.11.25"]
[SourceVersion "1"]
[SourceVersionDate "2007.11.25"]
[SourceQuality "1"]
[WhiteTeam "Szenna Pack"]
[BlackTeam "Szentendre"]
[WhiteTeamCountry "HUN"]
[BlackTeamCountry "HUN"]

1. e4 e5 2. Nf3 Nc6 3. d4 exd4 4. Bc4 Bc5 5. c3 d6 6. cxd4 Bb6 7. 0-0 Nf6 8. h3 Nxe4 9. Re1 d5 10. Bxd5 Qxd5 11. Nc3 Qd8 12. Rxe4+ Kf8 13. d5 Ne7 14. Bg5 f6 15. Bh4 Nf5 16. g4 Nxh4 17. Nxh4 g6 18. Qf3 Bd7 19. Rae1 Bc5 20. Rf4 Kg7 21. Ne4 Be7 22. Ng5 f5 23. Ne6+ Bxe6 24. Rxe6 Bxh4 25. gxf5 Rf8 26. Rg4 Kh8 27. d6 Rxf5 28. Qc3+ Bf6 29. Qxc7 Qxc7 30. dxc7 Rc8 31. Rc4 b5 32. Rc2 Bd4 33. Re7 Bb6 34. Kg2 Kg8 35. Rd7 Rf7 36. Rd5 Rfxc7 37. Rxc7 Rxc7 38. Rxb5 Rc2 39. Kg3 Bxf2+ 40. Kf3 Bb6 41. a4 Kf7 42. b4 Rf2+ 43. Kg4 h5+ 0-1

[Event "HUN-chT2 Charousek 0405"]
[Site "Hungary"]
[Date "2004.12.19"]
[Round "5"]
[White "Szabo, Adam"]
[Black "Fenyes, Gabor"]
[Result "1-0"]
[WhiteElo "2106"]
[BlackElo "2110"]
[PlyCount "75"]
[EventDate "2004.09.26"]
[EventType "team"]
[EventRounds "11"]
[EventCountry "HUN"]
[SourceTitle "EXT 2008"]
[Source "ChessBase"]
[SourceDate "2007.11.25"]
[SourceVersion "1"]
[SourceVersionDate "2007.11.25"]
[SourceQuality "1"]
[WhiteTeam "Tapolca"]
[BlackTeam "Szentendre"]
[WhiteTeamCountry "HUN"]
[BlackTeamCountry "HUN"]

1. e4 e5 2. Nf3 Nc6 3. Nc3 Nf6 4. Bb5 Bc5 5. 0-0 Qe7 6. d3 h6 7. Na4 a6 8. Bxc6 dxc6 9. Nxc5 Qxc5 10. Be3 Qe7 11. h3 0-0 12. Nd2 Be6 13. f4 exf4 14. Bxf4 Rad8 15. Kh1 Bc8 16. Qf3 Kh7 17. g4 Qd7 18. Qg3 Ne8 19. Kg2 g5 20. Be5 f6 21. Bc3 c5 22. Rf2 b5 23. Raf1 Kg6 24. b3 Qc6 25. Kh2 Bd7 26. Nf3 Kg7 27. e5 Be6 28. exf6+ Kh7 29. Ne5 Qd6 30. f7 Ng7 31. Rf6 Qd5 32. Qe3 Bc8 33. Ng6 Bb7 34. Nxf8+ Rxf8 35. Qe4+ Qxe4 36. dxe4 Bxe4 37. Be5 c6 38. Bd6 1-0

[Event "Budapest FS05 FM-A"]
[Site "Budapest"]
[Date "2004.05.??"]
[Round "10"]
[White "Daamen, Ferry"]
[Black "Fenyes, Gabor"]
[Result "1/2-1/2"]
[WhiteElo "2134"]
[BlackElo "2141"]
[PlyCount "102"]
[EventDate "2004.05.??"]
[EventType "tourn"]
[EventRounds "13"]
[EventCountry "HUN"]
[SourceTitle "CBM 100 Extra"]
[Source "ChessBase"]
[SourceDate "2004.07.06"]
[SourceVersion "2"]
[SourceVersionDate "2004.07.06"]
[SourceQuality "1"]

1. e4 e5 2. Nf3 Nc6 3. Bb5 Bc5 4. 0-0 Nd4 5. Nxd4 Bxd4 6. c3 Bb6 7. d4 c6 8. Bc4 d6 9. dxe5 dxe5 10. Qxd8+ Bxd8 11. Be3 Nf6 12. f3 Bb6 13. Bxb6 axb6 14. Nd2 Ke7 15. a3 Be6 16. Rfd1 Rhd8 17. Bxe6 Kxe6 18. Nc4 b5 19. Ne3 g6 20. Kf2 Ne8 21. g4 Nc7 22. Ke2 Kf6 23. h4 h6 24. Ng2 Ne6 25. Rxd8 Rxd8 26. Rd1 Rxd1 27. Kxd1 Nc5 28. Kc2 Ke6 29. Ne3 Nd7 30. b3 Nc5 31. c4 bxc4 32. bxc4 Kd6 33. Kc3 Ne6 34. Ng2 Nd4 35. Ne1 Ke6 36. Kd3 f5 37. gxf5+ gxf5 38. f4 c5 39. exf5+ Kxf5 40. fxe5 Kxe5 41. Ng2 Kf5 42. a4 h5 43. Ke3 Kg4 44. Ke4 Kg3 45. Nf4 Kxh4 46. Kd5 Nb3 47. Kd6 Kg4 48. Nxh5 Kxh5 49. Kc7 Na5 50. Kb6 Nxc4+ 51. Kxc5 Nb2 1/2-1/2

[Event "Budapest FS05 FM-A"]
[Site "Budapest"]
[Date "2004.05.??"]
[Round "9"]
[White "Fenyes, Gabor"]
[Black "Klerides, Paris"]
[Result "1/2-1/2"]
[WhiteElo "2141"]
[BlackElo "2167"]
[PlyCount "100"]
[EventDate "2004.05.??"]
[EventType "tourn"]
[EventRounds "13"]
[EventCountry "HUN"]
[SourceTitle "CBM 100 Extra"]
[Source "ChessBase"]
[SourceDate "2004.07.06"]
[SourceVersion "2"]
[SourceVersionDate "2004.07.06"]
[SourceQuality "1"]

1. e4 c5 2. Nf3 d6 3. d4 cxd4 4. Qxd4 Nc6 5. Bb5 Bd7 6. Bxc6 Bxc6 7. Nc3 Nf6 8. Bg5 e6 9. 0-0-0 Be7 10. Rhe1 0-0 11. h3 Qa5 12. Kb1 Rfd8 13. Qd2 Kf8 14. Qd3 a6 15. Bxf6 Bxf6 16. e5 dxe5 17. Qxh7 Ke7 18. Qh5 Qb6 19. Nxe5 Bxe5 20. Qxe5 Qxf2 21. Qg5+ Qf6 22. Qc5+ Ke8 23. Nd5 Bxd5 24. Rxd5 Rxd5 25. Qxd5 Qf2 26. Qe4 Rd8 27. Rc1 Rd7 28. g4 Qd4 29. Qf3 Ke7 30. Rf1 f6 31. b3 a5 32. a4 Rd5 33. Re1 b5 34. axb5 a4 35. Qe4 Qxe4 36. Rxe4 axb3 37. c4 Rd1+ 38. Kb2 Kd6 39. Kxb3 e5 40. Kb4 Rb1+ 41. Ka5 Kc5 42. Ka6 Rb3 43. h4 Rb4 44. Kb7 Rxc4 45. Rxc4+ Kxc4 46. Kc6 e4 47. b6 e3 48. b7 e2 49. b8Q e1Q 50. Qb5+ Kd4 1/2-1/2

[Event "Budapest FS05 FM-A"]
[Site "Budapest"]
[Date "2004.05.??"]
[Round "6"]
[White "Nagy, Laszlo"]
[Black "Fenyes, Gabor"]
[Result "1/2-1/2"]
[WhiteElo "2142"]
[BlackElo "2141"]
[PlyCount "82"]
[EventDate "2004.05.??"]
[EventType "tourn"]
[EventRounds "13"]
[EventCountry "HUN"]
[SourceTitle "CBM 100 Extra"]
[Source "ChessBase"]
[SourceDate "2004.07.06"]
[SourceVersion "2"]
[SourceVersionDate "2004.07.06"]
[SourceQuality "1"]

1. e4 e5 2. Nf3 Nc6 3. d4 exd4 4. Nxd4 Bb4+ 5. c3 Bc5 6. Be3 Bb6 7. Bc4 d6 8. 0-0 Nf6 9. Nd2 0-0 10. h3 Re8 11. Qc2 d5 12. Nxc6 bxc6 13. Bxb6 axb6 14. exd5 cxd5 15. Bd3 Qd6 16. b4 Qf4 17. a4 Bd7 18. a5 bxa5 19. Rxa5 Rxa5 20. bxa5 c5 21. c4 d4 22. Ra1 Bc6 23. a6 Qg5 24. g3 Qh5 25. Bf1 Qe5 26. Bg2 d3 27. Qa2 Ne4 28. Bxe4 Bxe4 29. Nxe4 Qxe4 30. a7 Ra8 31. Qb2 h6 32. Rd1 Kh7 33. Qc3 Rxa7 34. Rxd3 Ra4 35. Re3 Qxc4 36. Qe5 Qc2 37. Kg2 f6 38. Qe6 Ra2 39. Rf3 Ra1 40. Rxf6 Qb1 41. Rxh6+ gxh6 1/2-1/2

[Event "HUN-chT2 Breyer 0203"]
[Site "Hungary"]
[Date "2003.01.19"]
[Round "5"]
[White "Fenyes, Gabor"]
[Black "Horvath, Balazs"]
[Result "1-0"]
[WhiteElo "1958"]
[BlackElo "1867"]
[PlyCount "51"]
[EventDate "2002.09.22"]
[EventType "team"]
[EventRounds "11"]
[EventCountry "HUN"]
[SourceTitle "EXT 2009"]
[Source "ChessBase"]
[SourceDate "2008.11.26"]
[SourceVersion "1"]
[SourceVersionDate "2008.11.26"]
[SourceQuality "1"]

1. e4 c5 2. Nf3 a6 3. b3 e6 4. Bb2 Nc6 5. c4 d6 6. Be2 Nf6 7. Nc3 Be7 8. 0-0 0-0 9. d4 cxd4 10. Nxd4 Qc7 11. Rc1 Bd7 12. Kh1 Nxd4 13. Qxd4 Bc6 14. f4 Rad8 15. Bf3 e5 16. fxe5 dxe5 17. Qe3 Qa5 18. Nd5 Nxd5 19. cxd5 Bd7 20. Bxe5 Bc5 21. Bc3 Qa3 22. Qd2 Rfe8 23. Qg5 Bf8 24. Bh5 h6 25. Bxf7+ Kh7 26. Qg6+ 1-0

[Event "HUN-chT2 Breyer 0203"]
[Site "Hungary"]
[Date "2002.12.08"]
[Round "4"]
[White "Fenyes, Gabor"]
[Black "Takacs, Attila"]
[Result "1-0"]
[WhiteElo "1958"]
[BlackElo "1997"]
[PlyCount "109"]
[EventDate "2002.09.22"]
[EventType "team"]
[EventRounds "11"]
[EventCountry "HUN"]
[SourceTitle "EXT 2009"]
[Source "ChessBase"]
[SourceDate "2008.11.26"]
[SourceVersion "1"]
[SourceVersionDate "2008.11.26"]
[SourceQuality "1"]

1. e4 d5 2. exd5 Qxd5 3. Nc3 Qd8 4. Nf3 Nf6 5. Be2 Nc6 6. 0-0 Bf5 7. a3 a6 8. d4 e6 9. Nh4 Qxd4 10. Nxf5 exf5 11. Bd3 g6 12. Re1+ Be7 13. Be3 Qd7 14. Qf3 0-0 15. Rad1 Qc8 16. Bc1 Bd6 17. Bh6 Re8 18. Rxe8+ Nxe8 19. Nd5 Qe6 20. Bf4 Ne5 21. Bxe5 Qxe5 22. g3 Qxb2 23. Ne3 Rb8 24. Nc4 Qf6 25. Rb1 b5 26. a4 Bc5 27. axb5 axb5 28. Nd2 c6 29. h4 Bd4 30. Nb3 Bb6 31. Nd2 Qc3 32. Qf4 Bc7 33. Qe3 Qe5 34. Qf3 Rb6 35. Kf1 Nf6 36. Re1 Qd6 37. Qe2 c5 38. Bxb5 Qd5 39. Kg1 Rxb5 40. c4 Qd4 41. cxb5 Ng4 42. Nf3 Qc3 43. Qe8+ Kg7 44. Ng5 Kh6 45. Kg2 Nxf2 46. Qe3 Nd3 47. Ne4+ f4 48. Nxc3 fxe3 49. Rxe3 c4 50. Nd5 Bd6 51. b6 Kg7 52. Re4 Ne5 53. b7 Kf8 54. Nf6 c3 55. Rxe5 1-0

[Event "HUN-chT2 Breyer 0203"]
[Site "Hungary"]
[Date "2002.10.13"]
[Round "2"]
[White "Fenyes, Gabor"]
[Black "Boncz, Adam"]
[Result "1-0"]
[WhiteElo "1958"]
[BlackElo "1889"]
[PlyCount "65"]
[EventDate "2002.09.22"]
[EventType "team"]
[EventRounds "11"]
[EventCountry "HUN"]
[SourceTitle "EXT 2009"]
[Source "ChessBase"]
[SourceDate "2008.11.26"]
[SourceVersion "1"]
[SourceVersionDate "2008.11.26"]
[SourceQuality "1"]

1. e4 d5 2. exd5 Qxd5 3. Nc3 Qa5 4. d4 Nf6 5. Bd2 Qb6 6. Nf3 Bg4 7. Be2 c6 8. 0-0 e6 9. Ne5 Bxe2 10. Nxe2 Nbd7 11. Nc4 Qb5 12. b3 Nb6 13. a4 Qd5 14. Ne5 Be7 15. a5 Nbd7 16. c4 Qd6 17. Bf4 Nxe5 18. Bxe5 Qd7 19. Ng3 0-0 20. Qe2 Rad8 21. Rfd1 Qc8 22. Rac1 Nd7 23. Bf4 Nf6 24. d5 Bd6 25. Bg5 Rfe8 26. Bxf6 gxf6 27. Qg4+ Kh8 28. Qh4 Be7 29. d6 Rxd6 30. Rxd6 Bxd6 31. Qxf6+ Kg8 32. Nh5 Bf8 33. Rc3 1-0

[Event "HUN-chT2 Breyer 0203"]
[Site "Hungary"]
[Date "2002.09.22"]
[Round "1"]
[White "Tomosvary, Attila"]
[Black "Fenyes, Gabor"]
[Result "0-1"]
[WhiteElo "1960"]
[BlackElo "1958"]
[PlyCount "140"]
[EventDate "2002.09.22"]
[EventType "team"]
[EventRounds "11"]
[EventCountry "HUN"]
[SourceTitle "EXT 2009"]
[Source "ChessBase"]
[SourceDate "2008.11.26"]
[SourceVersion "1"]
[SourceVersionDate "2008.11.26"]
[SourceQuality "1"]

1. e4 e5 2. Nf3 Nc6 3. Bb5 Bc5 4. 0-0 Nd4 5. Nxd4 Bxd4 6. c3 Bb6 7. d3 c6 8. Ba4 Ne7 9. Qe2 0-0 10. Be3 Ng6 11. Nd2 d5 12. Nf3 Bg4 13. h3 Bxf3 14. Qxf3 d4 15. Bd2 Qd6 16. Rad1 a5 17. Bb3 a4 18. Bc2 a3 19. bxa3 Qxa3 20. Bb3 Qd6 21. Qg4 Ba5 22. cxd4 Bxd2 23. Rxd2 Qxd4 24. h4 Rad8 25. h5 Ne7 26. Qg5 Rd7 27. h6 Ng6 28. g3 gxh6 29. Qxh6 Rd6 30. Qh5 Kg7 31. Kg2 h6 32. Rh1 Rh8 33. Qe2 b5 34. Rh5 c5 35. Rd1 Rg8 36. Rf5 Rd7 37. Qh5 c4 38. dxc4 Qxe4+ 39. Qf3 Qxf3+ 40. Rxf3 Rxd1 41. Bxd1 bxc4 42. a4 e4 43. Ra3 Kf6 44. a5 Ke5 45. Kf1 Ra8 46. Ke2 Ne7 47. Kd2 Nc6 48. Kc3 Nxa5 49. Ra4 Ra7 50. Be2 f5 51. Bxc4 Kf6 52. Kd2 Nxc4+ 53. Rxc4 Ra3 54. Ke2 h5 55. Rc6+ Kg5 56. Rc8 Kg4 57. Rg8+ Kh3 58. Rg5 Rf3 59. Rxh5+ Kg2 60. Rg5 Rxf2+ 61. Ke3 Rf3+ 62. Ke2 Kh3 63. Ke1 Kg2 64. Ke2 Rf2+ 65. Ke3 Kf1 66. Rh5 Rf3+ 67. Kd4 Rf2 68. g4 fxg4 69. Kxe4 g3 70. Ra5 g2 0-1